000 00208 a2200097 4500
001 47317
100 _aMurphy R
245 _aDiplomat among warriors
260 _aLondon
_bCollins
_c
090 _c30354
_d30354
942 _aNUST-CAE
_cM
_c22619
999 _c282390
_d282390